[Event "41st Olympiad Women 2014"]
[Site "Tromso NOR"]
[Date "2014.08.08"]
[Round "6.13"]
[Board "4"]
[White "Hernandez Estevez, Yudania"]
[Black "Padmini, Rout"]
[Result "0-1"]
[WhiteTitle "WIM"]
[BlackTitle "WGM"]
[WhiteElo "2258"]
[BlackElo "2318"]
[WhiteTeam "Spain"]
[BlackTeam "India"]
[WhiteFideId "2219344"]
[BlackFideId "5029295"]
[EventDate "2014.08.02"]

1. e4 c5 2. Nf3 d6 3. Bb5+ Nc6 4. O-O Bd7 5. Re1 Nf6 6. c3 a6 7. Bf1 Bg4 8. h3
Bxf3 9. Qxf3 g6 10. d3 Bg7 11. Nd2 O-O 12. Qd1 b5 13. Nf3 b4 14. d4 bxc3 15.
bxc3 Qa5 16. Bd2 Nd7 17. Qb3 Rfb8 18. Qd5 Qc7 19. Rac1 Rb2 20. Qg5 Bf6 21. Qh6
Bg7 22. Qg5 Qb7 23. Bc4 e6 24. Be3 Na5 25. Bd3 Rxa2 26. Qh4 c4 27. Bb1 Rb2 28.
e5 d5 29. Ng5 Nf8 30. Qg4 Rc8 31. h4 h6 32. Nf3 h5 33. Qf4 Rc6 34. g4 hxg4 35.
Qxg4 Rcb6 36. Bc2 Nb3 37. Bxb3 cxb3 38. Kg2 Rc2 39. Rxc2 bxc2 40. Rc1 Rb2 41.
Qg5 Qb5 42. h5 gxh5 43. Rh1 Qe2 44. Qf4 Ng6 45. Qg5 Rb1 46. Bc1 Qe4 47. Kg3 h4+
48. Kg2 Qf5 49. Re1 Qxg5+ 50. Nxg5 Nf4+ 0-1

[Event "41st Olympiad Women 2014"]
[Site "Tromso NOR"]
[Date "2014.08.08"]
[Round "6.14"]
[Board "2"]
[White "Videnova, Iva"]
[Black "Muzychuk, Mariya"]
[Result "0-1"]
[WhiteTitle "WGM"]
[BlackTitle "IM"]
[WhiteElo "2342"]
[BlackElo "2530"]
[WhiteTeam "Bulgaria"]
[BlackTeam "Ukraine"]
[WhiteFideId "2907763"]
[BlackFideId "14114550"]
[EventDate "2014.08.02"]

1. e4 c5 2. Nf3 Nc6 3. Bb5 g6 4. Bxc6 dxc6 5. h3 Bg7 6. d3 e5 7. O-O Ne7 8. Be3
b6 9. a3 O-O 10. Nbd2 h6 11. b4 cxb4 12. axb4 Be6 13. Nc4 Qc7 14. Qc1 Kh7 15.
Nfd2 Nd5 16. Qb2 f5 17. f3 Nxe3 18. Nxe3 b5 19. Kh1 a5 20. bxa5 Rxa5 21. Qb4
Rfa8 22. Rxa5 Qxa5 23. Qxa5 Rxa5 24. Nb3 Ra2 25. exf5 gxf5 26. Nc5 Bc8 27. c3
Bf8 28. Nb3 Re2 29. Nd1 Be6 30. Na5 c5 31. Kh2 Ra2 32. Nc6 Bd6 33. Kg1 b4 34.
cxb4 cxb4 35. Re1 b3 36. f4 b2 37. Nxb2 Rxb2 38. Nxe5 Bd5 39. Nd7 Rxg2+ 40. Kf1
Rg6 41. h4 Kg7 42. Ne5 Rg3 43. Kf2 Rg2+ 44. Ke3 Bc5+ 45. d4 Bb4 46. Ra1 Bd2+ 47.
Kd3 Bxf4 48. Ra7+ Kg8 49. Nd7 Be4+ 50. Kc3 Rc2+ 0-1

[Event "41st Olympiad Women 2014"]
[Site "Tromso NOR"]
[Date "2014.08.08"]
[Round "6.14"]
[Board "3"]
[White "Zhukova, Natalia"]
[Black "Nikolova, Adriana"]
[Result "1-0"]
[WhiteTitle "GM"]
[BlackTitle "WGM"]
[WhiteElo "2468"]
[BlackElo "2325"]
[WhiteTeam "Ukraine"]
[BlackTeam "Bulgaria"]
[WhiteFideId "14101513"]
[BlackFideId "2908689"]
[EventDate "2014.08.02"]

1. d4 Nf6 2. c4 c5 3. d5 b5 4. Qc2 Qa5+ 5. Bd2 b4 6. e4 d6 7. h3 g6 8. Nf3 Bg7
9. Bd3 Nbd7 10. O-O Bb7 11. Bf4 Qc7 12. Re1 Ne5 13. Nxe5 dxe5 14. Be3 a5 15. a3
O-O 16. Nd2 Rfb8 17. axb4 axb4 18. Nb3 Nd7 19. f3 Bf8 20. Qf2 e6 21. dxe6 fxe6
22. Rad1 Be7 23. Bf1 Rc8 24. Qg3 Bc6 25. Qg4 Kf7 26. Nc1 Ra1 27. Nd3 Rxd1 28.
Rxd1 Ba4 29. Rd2 Nb6 30. Nc1 Rd8 31. Rf2 Bc6 32. Bd3 Nd7 33. f4 Nf6 34. fxe5
Qxe5 35. Qh4 Ke8 36. Bg5 Nxe4 37. Bxe7 Nxf2 38. Bxd8 Qe1+ 39. Bf1 Nxh3+ 40. gxh3
Qe3+ 41. Qf2 Qxc1 42. Bf6 Kd7 43. Qxc5 Qe1 44. Be5 Be4 45. Qa7+ Ke8 46. Bd6 Qh4
47. Qb8+ 1-0

[Event "41st Olympiad Women 2014"]
[Site "Tromso NOR"]
[Date "2014.08.08"]
[Round "6.14"]
[Board "4"]
[White "Voiska, Margarita"]
[Black "Gaponenko, Inna"]
[Result "1/2-1/2"]
[WhiteTitle "WGM"]
[BlackTitle "IM"]
[WhiteElo "2279"]
[BlackElo "2379"]
[WhiteTeam "Bulgaria"]
[BlackTeam "Ukraine"]
[WhiteFideId "2900602"]
[BlackFideId "14101181"]
[EventDate "2014.08.02"]

1. d4 Nf6 2. Nf3 g6 3. g3 Bg7 4. Bg2 O-O 5. O-O d5 6. Nbd2 Nbd7 7. c4 c6 8. b3
e5 9. dxe5 Ng4 10. Bb2 Ndxe5 11. Nxe5 Nxe5 12. cxd5 cxd5 13. Bd4 Be6 14. Nf3 Nc6
15. Bxg7 Kxg7 16. Nd4 Nxd4 17. Qxd4+ Qf6 18. Rfd1 Rfd8 19. Rac1 Qxd4 20. Rxd4
Rac8 21. Rxc8 Rxc8 22. Bxd5 Rd8 23. e4 f5 24. Rc4 Bxd5 25. exd5 Rd7 26. f4 Kf6
27. Kf2 Rxd5 28. Ke3 Rd7 29. Ra4 b6 30. Rc4 Ke6 31. b4 Kd5 32. Rd4+ Ke6 33. Rxd7
Kxd7 34. b5 Ke6 35. Kd4 Kd6 36. Kc4 Ke6 37. Kd4 Kd6 38. Kc4 Ke6 39. Kd4 Kd6 1/2-1/2

[Event "41st Olympiad Women 2014"]
[Site "Tromso NOR"]
[Date "2014.08.08"]
[Round "6.15"]
[Board "1"]
[White "Nguyen, Thi Mai Hung"]
[Black "Cramling, Pia"]
[Result "0-1"]
[WhiteTitle "WIM"]
[BlackTitle "GM"]
[WhiteElo "2307"]
[BlackElo "2500"]
[WhiteTeam "Vietnam"]
[BlackTeam "Sweden"]
[WhiteFideId "12401676"]
[BlackFideId "1700030"]
[EventDate "2014.08.02"]

1. d4 Nf6 2. Nf3 e6 3. Bf4 b6 4. e3 Bb7 5. Bd3 d6 6. h3 Nbd7 7. Nbd2 g6 8. O-O
Bg7 9. c3 O-O 10. a4 Qe7 11. Bh2 e5 12. e4 a6 13. Re1 Nh5 14. Nc4 Rfe8 15. Qb1
Qf6 16. Ne3 Qd8 17. Nc4 Qf6 18. Ne3 Nf4 19. Bf1 h5 20. dxe5 Nxe5 21. Nxe5 Rxe5
22. Nc4 Re7 23. Qc2 Rae8 24. Nd2 Bh6 25. Rad1 h4 26. f3 d5 27. Kh1 Qg5 28. Qb1
Nh5 29. Bd3 Nf4 30. Bf1 Nh5 31. Bd3 Ng3+ 32. Bxg3 Qxg3 33. Nf1 Qe5 34. Re2 dxe4
35. Bxe4 Qc5 36. Rde1 Bxe4 37. fxe4 Qc4 38. Qc2 Bf4 39. b3 Qc6 40. c4 Re5 41.
Qd3 R5e6 42. Qf3 Bd6 43. Qg4 Bb4 44. Rd1 Rxe4 45. Rxe4 Rxe4 46. Qc8+ Kg7 47. Rd8
Qf6 48. Rd1 Qf2 49. Qxc7 Bc5 50. Qh2 Re1 51. Rxe1 Qxe1 52. Qf4 Bf2 0-1

[Event "41st Olympiad Women 2014"]
[Site "Tromso NOR"]
[Date "2014.08.08"]
[Round "6.15"]
[Board "3"]
[White "Hoang, Thi Bao Tram"]
[Black "Frisk, Ellinor"]
[Result "0-1"]
[WhiteTitle "WGM"]
[BlackTitle "WFM"]
[WhiteElo "2329"]
[BlackElo "2257"]
[WhiteTeam "Vietnam"]
[BlackTeam "Sweden"]
[WhiteFideId "12401102"]
[BlackFideId "1708481"]
[EventDate "2014.08.02"]

1. d4 d5 2. Nf3 Nf6 3. c4 c6 4. Qc2 e6 5. g3 dxc4 6. Qxc4 b5 7. Qc2 Bb7 8. Bg2
Nbd7 9. O-O c5 10. Be3 Rc8 11. Qb3 a6 12. a4 c4 13. Qc2 Be4 14. Qd2 b4 15. Rc1
Be7 16. Ne5 Bxg2 17. Kxg2 Nxe5 18. dxe5 Nd5 19. Bd4 b3 20. Na3 Bb4 21. Qd1 Bxa3
22. Rxa3 Nb4 23. e3 Nc2 24. Rxc2 bxc2 25. Qxc2 O-O 26. Rc3 Qd5+ 27. Kg1 Rc6 28.
Qc1 Rfc8 29. Rc2 Qa5 30. Qa1 h6 31. Bc3 Qc7 32. Rd2 Rd8 33. Qd1 Rxd2 34. Qxd2
Rc5 35. Bd4 Qa5 36. Bc3 Qc7 37. Bd4 Rc6 38. Qb4 Qc8 39. Qa5 Qd7 40. Qb4 Rc8 41.
Qa5 Qc6 42. Qb4 Rc7 43. Qa5 Rd7 44. Qb4 Rb7 45. Qa5 Rb8 46. Kf1 Rb3 47. Qd8+ Kh7
48. Bc3 Rb7 49. Qh4 Rd7 50. Bd4 Qf3 51. Ke1 c3 52. bxc3 Rb7 53. e4 Rb2 0-1

[Event "41st Olympiad Women 2014"]
[Site "Tromso NOR"]
[Date "2014.08.08"]
[Round "6.15"]
[Board "4"]
[White "Bengtsson, Jessica"]
[Black "Luong, Phuong Hanh"]
[Result "0-1"]
[WhiteElo "1933"]
[BlackElo "2171"]
[WhiteTeam "Sweden"]
[BlackTeam "Vietnam"]
[WhiteFideId "1711083"]
[BlackFideId "12401013"]
[EventDate "2014.08.02"]

1. e4 c5 2. c3 d5 3. exd5 Qxd5 4. d4 Nf6 5. Be3 Ng4 6. Nf3 Nxe3 7. fxe3 Bg4 8.
Be2 Qe4 9. Qd2 cxd4 10. cxd4 h5 11. Nc3 Qg6 12. Ne5 Qb6 13. Nxg4 hxg4 14. Bxg4
e6 15. g3 Bb4 16. Bf3 O-O 17. O-O Nd7 18. a3 Bxc3 19. bxc3 Qc7 20. Rab1 Nb6 21.
e4 Rac8 22. Rfc1 Nc4 23. Qg5 Nxa3 24. Ra1 Nc4 25. e5 f6 26. exf6 Rxf6 27. Be4
Nd6 28. Bg6 Nf5 29. Qh5 Nh6 30. Rc2 Qb6 31. Be4 Rxc3 32. Rd2 Rc8 33. Rad1 Rcf8
34. Kg2 Nf5 35. Bxf5 Rxf5 36. Qe2 Qc6+ 37. Kg1 Qd5 38. h3 b5 39. Ra2 Rf3 40. Kh2
b4 41. Rdd2 a5 42. Qe5 R3f5 43. Qxd5 Rxd5 44. Kg2 Rb8 45. Kf3 b3 46. Ra1 a4 47.
Rd3 a3 48. Rxa3 b2 0-1

[Event "41st Olympiad Women 2014"]
[Site "Tromso NOR"]
[Date "2014.08.08"]
[Round "6.16"]
[Board "1"]
[White "Nakhbayeva, Guliskhan"]
[Black "Munguntuul, Batkhuyag"]
[Result "1/2-1/2"]
[WhiteTitle "WGM"]
[BlackTitle "IM"]
[WhiteElo "2336"]
[BlackElo "2410"]
[WhiteTeam "Kazakhstan"]
[BlackTeam "Mongolia"]
[WhiteFideId "13704788"]
[BlackFideId "4900758"]
[EventDate "2014.08.02"]

1. d4 d5 2. c4 c6 3. Nc3 Nf6 4. e3 Bf5 5. cxd5 cxd5 6. Qb3 Bc8 7. Bd3 Nc6 8. f4
e6 9. Nf3 Be7 10. O-O O-O 11. Bd2 Ne8 12. Rac1 Nd6 13. Ne5 Bd7 14. a3 f5 15. Rc2
Rb8 16. Rfc1 Nxe5 17. dxe5 Ne4 18. Bxe4 fxe4 19. Ne2 Qe8 20. Qa2 Qh5 21. Bb4
Bxb4 22. axb4 a6 23. Nd4 Rbc8 24. Rxc8 Rxc8 25. Rxc8+ Bxc8 26. Qb3 Bd7 27. h3
Qe8 28. Qc3 h5 29. Qc5 Kf7 30. Kh2 g6 31. Qc7 Qc8 32. Qxc8 Bxc8 33. Kg3 Bd7 34.
Kh4 Ba4 35. Kg5 Bd7 36. g4 hxg4 37. hxg4 b6 38. f5 gxf5 39. gxf5 exf5 40. Nxf5
Bxf5 41. Kxf5 Ke7 42. b3 Ke8 43. Kf4 Kf7 44. Kf5 Ke7 45. e6 d4 46. Kxe4 dxe3 47.
Kxe3 Kxe6 48. Ke4 Kd6 49. Kd4 Kc6 1/2-1/2

[Event "41st Olympiad Women 2014"]
[Site "Tromso NOR"]
[Date "2014.08.08"]
[Round "6.16"]
[Board "2"]
[White "Batchimeg, Tuvshintugs"]
[Black "Saduakassova, Dinara"]
[Result "1/2-1/2"]
[WhiteTitle "WGM"]
[BlackTitle "WGM"]
[WhiteElo "2346"]
[BlackElo "2375"]
[WhiteTeam "Mongolia"]
[BlackTeam "Kazakhstan"]
[WhiteFideId "4900839"]
[BlackFideId "13700090"]
[EventDate "2014.08.02"]

1. d4 Nf6 2. Nf3 e6 3. e3 b6 4. Bd3 Bb7 5. O-O c5 6. c4 g6 7. Nc3 Bg7 8. d5 exd5
9. cxd5 Nxd5 10. Nxd5 Bxd5 11. Bxg6 hxg6 12. Qxd5 Nc6 13. e4 Qe7 14. e5 Qe6 15.
Rd1 O-O 16. Bf4 Rfe8 17. Qxd7 Qxd7 18. Rxd7 Nxe5 19. Bxe5 Bxe5 20. Nxe5 Rxe5 21.
Kf1 c4 22. Rc1 Ra5 23. a3 Rc8 24. Rc2 Rc6 25. g3 c3 26. bxc3 Rxa3 27. Re2 a5 28.
Re8+ Kg7 29. Ree7 Rf6 30. Rc7 Rf3 31. c4 a4 32. Ra7 Rf6 33. Re2 Ra1+ 1/2-1/2

[Event "41st Olympiad Women 2014"]
[Site "Tromso NOR"]
[Date "2014.08.08"]
[Round "6.16"]
[Board "3"]
[White "Abdumalik, Zhansaya"]
[Black "Bayarmaa, Bayarjargal"]
[Result "1/2-1/2"]
[WhiteTitle "WGM"]
[BlackTitle "WFM"]
[WhiteElo "2333"]
[BlackElo "2109"]
[WhiteTeam "Kazakhstan"]
[BlackTeam "Mongolia"]
[WhiteFideId "13703544"]
[BlackFideId "4900260"]
[EventDate "2014.08.02"]

1. e4 c5 2. Nf3 d6 3. d4 cxd4 4. Nxd4 Nf6 5. Nc3 a6 6. h3 e5 7. Nde2 Be6 8. g4
d5 9. exd5 Nxd5 10. Bg2 Bb4 11. O-O Bxc3 12. bxc3 O-O 13. Rb1 Nc6 14. Ba3 Re8
15. Rxb7 Na5 16. Rb1 Nc4 17. Bc1 Qa5 18. Qd3 Rac8 19. f4 Qc5+ 20. Rf2 exf4 21.
Nxf4 Nxf4 22. Bxf4 Rcd8 23. Qg3 g5 24. Bc1 Rd1+ 25. Kh2 Rd7 26. Rb8 Rxb8 27.
Qxb8+ Kg7 28. Qg3 h6 29. Rf1 a5 30. h4 a4 31. hxg5 hxg5 32. Qf2 Qe5+ 33. Qg3 Qa5
34. Qf3 Qe5+ 35. Qg3 Qc5 36. Qf2 Qe5+ 37. Qg3 f6 38. Re1 Qxg3+ 39. Kxg3 Rd6 40.
Bf1 Nb6 41. Be3 Bxa2 42. Ra1 Bc4 43. Bg2 Bf7 1/2-1/2

[Event "41st Olympiad Women 2014"]
[Site "Tromso NOR"]
[Date "2014.08.08"]
[Round "6.16"]
[Board "4"]
[White "Lkhamsuren, Uuganbayar"]
[Black "Dauletova, Gulmira"]
[Result "0-1"]
[WhiteTitle "WFM"]
[BlackTitle "WIM"]
[WhiteElo "2125"]
[BlackElo "2252"]
[WhiteTeam "Mongolia"]
[BlackTeam "Kazakhstan"]
[WhiteFideId "4901347"]
[BlackFideId "13702971"]
[EventDate "2014.08.02"]

1. d4 Nf6 2. c4 e6 3. g3 d5 4. Nf3 Nc6 5. Bg2 dxc4 6. O-O Rb8 7. Nc3 a6 8. e4 b5
9. d5 Na5 10. Qe2 b4 11. Nb1 Be7 12. dxe6 Bxe6 13. Ng5 Bg4 14. f3 Bc8 15. e5 Nd5
16. Ne4 O-O 17. f4 Re8 18. Nbd2 Nb6 19. Rd1 Bd7 20. Nf3 Qc8 21. Be3 Bf5 22. Bf2
Na4 23. Nd4 Bg4 24. Nf3 h6 25. Qc2 Nb6 26. b3 Be6 27. Nfd2 c3 28. Nf3 c5 29. Nd6
Bxd6 30. Rxd6 Bf5 31. Qe2 Re6 32. Rxe6 Bxe6 33. Qe3 c4 34. bxc4 Nbxc4 35. Qe1
Nb2 36. Be3 b3 37. Nd4 Nd3 38. Qd1 b2 39. Rb1 Nb4 40. Be4 Nc4 41. Bf2 Na3 42.
Nc2 Nbxc2 43. Bxc2 Nxc2 44. Qxc2 Bf5 0-1

[Event "41st Olympiad Women 2014"]
[Site "Tromso NOR"]
[Date "2014.08.08"]
[Round "6.17"]
[Board "1"]
[White "Yuan, Yuanling"]
[Black "Ziaziulkina, Nastassia"]
[Result "0-1"]
[WhiteTitle "WIM"]
[BlackTitle "IM"]
[WhiteElo "2241"]
[BlackElo "2407"]
[WhiteTeam "Canada"]
[BlackTeam "Belarus"]
[WhiteFideId "8604541"]
[BlackFideId "13505211"]
[EventDate "2014.08.02"]

1. e4 c5 2. Nf3 d6 3. d4 cxd4 4. Nxd4 Nf6 5. Nc3 a6 6. h3 e6 7. g4 Nfd7 8. Bg2
Be7 9. Be3 Nc6 10. Qe2 O-O 11. O-O-O Nxd4 12. Bxd4 b5 13. e5 d5 14. Qe3 b4 15.
Ne2 a5 16. f4 a4 17. Kb1 b3 18. f5 bxc2+ 19. Kxc2 Rb8 20. Ng3 Bg5 21. Qe2 Qa5
22. Kb1 Ba6 23. Qe1 Qxe1 24. Rhxe1 Nb6 25. Bf1 Bxf1 26. Nxf1 Nc4 27. Ka1 Rb5 28.
Re2 Rfb8 29. Nh2 Bd8 30. Nf3 Bb6 31. Bc3 Bc5 32. Nd4 R5b6 33. a3 Bxd4 34. Rxd4
Rb3 35. Ka2 Kf8 36. h4 Ke7 37. h5 Kd7 38. Rf4 R8b7 39. Bb4 Re3 40. Rxe3 Nxe3 41.
b3 axb3+ 42. Kxb3 Nc4 43. Kc3 Nxe5 44. Bf8 g6 45. fxg6 fxg6 46. Bg7 Kd6 47. Bf8+
Kc6 48. Rf6 Kd7 49. hxg6 Rc7+ 50. Kb3 hxg6 51. g5 Rc1 52. Bb4 Rg1 53. Bd2 Nc4
54. Bb4 Rxg5 55. Rf7+ Kc6 56. Rf6 Rg3+ 57. Ka2 Re3 58. Rxg6 d4 59. a4 d3 60. Rg8
Nb6 61. Kb3 Nd5 62. Ba5 Re2 63. Rg1 e5 64. Kc4 Nf4 65. Rf1 Re4+ 66. Kb3 Ne2 67.
Bd2 Rd4 68. Be3 Rd7 69. Kc4 Ng3 70. Rd1 e4 71. a5 Nf5 72. Bf4 Rd4+ 73. Kc3 Ra4
74. Re1 Kd5 75. Bd2 Rxa5 76. Kb2 Rb5+ 77. Kc1 Nd4 78. Be3 Ne2+ 79. Kd1 Rb1+ 80.
Kd2 Rb2+ 81. Kd1 Nc3+ 0-1

[Event "41st Olympiad Women 2014"]
[Site "Tromso NOR"]
[Date "2014.08.08"]
[Round "6.17"]
[Board "2"]
[White "Stetsko, Lanita"]
[Black "Khoudgarian, Natalia"]
[Result "1-0"]
[WhiteTitle "FM"]
[BlackTitle "WIM"]
[WhiteElo "2261"]
[BlackElo "2136"]
[WhiteTeam "Belarus"]
[BlackTeam "Canada"]
[WhiteFideId "13505300"]
[BlackFideId "2602121"]
[EventDate "2014.08.02"]

1. e4 e6 2. d4 d5 3. e5 c5 4. c3 Nc6 5. Nf3 Bd7 6. a3 f6 7. Bd3 Qc7 8. O-O O-O-O
9. Qe2 c4 10. Bc2 Nge7 11. b4 cxb3 12. Bxb3 fxe5 13. dxe5 Ng6 14. Bg5 Re8 15.
Re1 Bc5 16. Nbd2 Rhf8 17. Bc2 Ncxe5 18. Nd4 Nc6 19. N2b3 Bxd4 20. cxd4 e5 21.
Qd2 e4 22. Nc5 h6 23. Be3 Nh4 24. Reb1 Nd8 25. Rc1 Bc6 26. Ba4 Rf6 27. Qc2 Nf5
28. Rab1 Nxe3 29. fxe3 Ref8 30. Nxb7 Qf7 31. Nxd8 Rf1+ 32. Rxf1 1-0

[Event "41st Olympiad Women 2014"]
[Site "Tromso NOR"]
[Date "2014.08.08"]
[Round "6.17"]
[Board "3"]
[White "Botez, Alexandra"]
[Black "Nevioselaya, Maria"]
[Result "1-0"]
[WhiteTitle "WFM"]
[WhiteElo "2089"]
[BlackElo "2032"]
[WhiteTeam "Canada"]
[BlackTeam "Belarus"]
[WhiteFideId "2603365"]
[BlackFideId "13502280"]
[EventDate "2014.08.02"]

1. d4 d5 2. Nf3 Nf6 3. Bf4 c6 4. e3 Bg4 5. Nbd2 e6 6. h3 Bh5 7. g4 Bg6 8. Ne5
Nfd7 9. Nxg6 hxg6 10. Nf3 c5 11. c3 Nc6 12. Bg2 Be7 13. O-O O-O 14. Re1 b5 15.
dxc5 Nxc5 16. Nd4 Qb6 17. b3 Ne4 18. Qd3 Nxd4 19. exd4 Bd6 20. Be3 Nf6 21. c4
bxc4 22. bxc4 dxc4 23. Qxc4 Rac8 24. Qa4 Nd5 25. Bxd5 exd5 26. Reb1 Qd8 27. Rb5
Qh4 28. Rxd5 Rce8 29. Qb3 Qxh3 30. Rxd6 Re4 31. Rxg6 Rfe8 32. Re1 R8e6 33. Rg5
f6 34. Qb8+ Re8 35. Qb3+ R8e6 36. Qb8+ Re8 37. Qh2 Qxh2+ 38. Kxh2 fxg5 39. Rg1
Rc8 40. Kg3 Kf7 41. Rb1 Rc2 42. a4 Ra2 43. Rb4 Ra3 44. Kf3 Re7 45. d5 Kf6 46. d6
Rd7 47. Ke4 Ke6 48. Rc4 Ra2 49. Bc5 Re2+ 50. Kd3 Kd5 51. Bxa7 Rd2+ 52. Kxd2 Kxc4
53. Bb8 Rf7 54. Ke3 Kb4 55. Bc7 Kxa4 56. Ke4 Kb5 57. Kd5 Rd7 58. f3 g6 59. Ke6
Kc6 60. Kf6 Rh7 61. Kxg5 Rf7 62. f4 Kd7 63. Bb8 Rf8 64. Ba7 Kxd6 65. Kxg6 Rg8+
66. Kf5 Rf8+ 67. Ke4 Re8+ 68. Kf3 Ra8 69. Bd4 Kd5 70. Be3 Ra1 71. g5 Ke6 72. Kg4
Ra4 73. Bb6 Rb4 74. Bc7 Kf7 75. Kf5 Rb5+ 76. Be5 Rb6 77. Kg4 Rb5 78. Kh5 Rb1 79.
g6+ Ke6 80. Kh6 Rg1 81. Kh7 Rh1+ 82. Kg8 Rg1 83. g7 Rc1 84. Kh7 Rh1+ 85. Kg8 Rc1
86. Bd4 Rc2 87. Be5 Rc1 88. Bb2 Rc2 89. Ba3 Rc3 90. Bf8 Rc2 91. Kh7 Rh2+ 92. Kg6
Rg2+ 93. Kh7 Rh2+ 94. Kg8 Rc2 95. Bb4 Rc1 96. Bd2 Rb1 97. Be3 Rb2 98. Bg1 Rg2
99. Bd4 Rc2 100. Be3 Rb2 101. Kh7 Rh2+ 102. Kg8 Rb2 103. Bc5 Ra2 104. Bb4 Rc2
105. Be1 Ra2 106. Bh4 Ra8+ 107. Kh7 Kf7 108. Bf2 Rg8 109. Bd4 Rc8 110. Bc5 Rg8
111. Bf8 Rxf8 112. gxf8=Q+ Kxf8 113. Kg6 Kg8 114. f5 Kf8 115. Kf6 Ke8 116. Kg7 1-0

[Event "41st Olympiad Women 2014"]
[Site "Tromso NOR"]
[Date "2014.08.08"]
[Round "6.17"]
[Board "4"]
[White "Revo, Tatiana"]
[Black "Zhou, Qiyu"]
[Result "1-0"]
[BlackTitle "WCM"]
[WhiteElo "2023"]
[BlackElo "2109"]
[WhiteTeam "Belarus"]
[BlackTeam "Canada"]
[WhiteFideId "13506480"]
[BlackFideId "505161"]
[EventDate "2014.08.02"]

1. e4 c5 2. Nf3 d6 3. d4 cxd4 4. Nxd4 Nf6 5. Nc3 g6 6. Be3 Bg7 7. f3 O-O 8. Qd2
Nc6 9. g4 Be6 10. Nxe6 fxe6 11. O-O-O Ne5 12. Be2 Qa5 13. Kb1 Rac8 14. Nb5 Qxd2
15. Bxd2 a6 16. Nd4 Kf7 17. Bc1 Nc6 18. c3 b5 19. a4 Nxd4 20. cxd4 bxa4 21. g5
Nd7 22. f4 Rc6 23. e5 Nb6 24. Bd2 Nc4 25. Bxc4 Rxc4 26. Be3 Rb8 27. Rd3 Rcb4 28.
Bc1 Rc4 29. Rhd1 h6 30. h4 hxg5 31. hxg5 Rh8 32. Rc3 Rb4 33. Ka2 d5 34. Rc6 Rh3
35. Rxa6 Rc4 36. Ra5 Rh2 37. Rc5 Rhc2 38. Rxc4 Rxc4 39. Ka3 Ke8 40. Be3 Kd7 41.
Rc1 Kc6 42. Rxc4+ dxc4 43. Kxa4 Kd5 44. Kb5 Bf8 45. Kb6 Ke4 46. Kc5 Kxe3 47.
Kxc4 Kxf4 48. b4 Kxg5 49. b5 Kf4 50. b6 g5 51. b7 g4 52. b8=Q Bh6 53. Qb4 Kf3
54. Qxe7 g3 55. Qxe6 g2 56. Qg6 Be3 57. e6 g1=Q 58. Qxg1 Bxg1 59. e7 Be3 60.
e8=Q Bf4 61. d5 Kg4 62. Qg6+ 1-0

[Event "41st Olympiad Women 2014"]
[Site "Tromso NOR"]
[Date "2014.08.08"]
[Round "6.18"]
[Board "1"]
[White "Ptacnikova, Lenka"]
[Black "Shvayger, Yuliya"]
[Result "0-1"]
[WhiteTitle "WGM"]
[BlackTitle "WIM"]
[WhiteElo "2273"]
[BlackElo "2275"]
[WhiteTeam "Iceland"]
[BlackTeam "Israel"]
[WhiteFideId "305650"]
[BlackFideId "14100126"]
[EventDate "2014.08.02"]

1. c4 Nf6 2. g3 g6 3. Bg2 d5 4. cxd5 Nxd5 5. Nc3 Nb6 6. d3 Bg7 7. Bg5 h6 8. Be3
Nc6 9. Qd2 h5 10. Nf3 Bg4 11. h3 Bxf3 12. Bxf3 Rb8 13. O-O Nd4 14. Bxd4 Bxd4 15.
Nb5 c6 16. Nxd4 Qxd4 17. Qc3 Rd8 18. h4 O-O 19. Qxd4 Rxd4 20. Rfc1 Rfd8 21. Rab1
Kg7 22. b4 a6 23. a3 f5 24. Bg2 Kf6 25. Bf1 e5 26. e3 R4d6 27. Be2 Re8 28. Kg2
Ke7 29. Kf1 f4 30. Ke1 fxe3 31. fxe3 Rf8 32. Kd2 Rf2 33. Rc5 Nd7 34. Rc4 Nf6 35.
Rg1 b5 36. Rcc1 e4 37. d4 Nd5 38. Rgf1 Rg2 39. Rg1 Rxg1 40. Rxg1 Rf6 41. Rg2 Kf7
42. g4 hxg4 43. Rxg4 Re6 44. Bd1 Nf6 45. Rg5 Re8 46. h5 gxh5 47. Bxh5+ Nxh5 48.
Rxh5 Re6 49. Rh7+ Kf6 50. Ra7 Kf5 51. Rxa6 Rh6 52. Ke2 Kg4 53. a4 Rh2+ 54. Kd1
bxa4 55. Rxa4 Kf3 56. Ra3 Rb2 57. Rc3 Rxb4 58. Rxc6 Kxe3 59. Rc3+ Kf2 60. Rc2+
Kf3 61. Rc8 e3 62. Rf8+ Ke4 63. Kc2 Rc4+ 64. Kb3 Kd3 65. Rf3 Kxd4 0-1

[Event "41st Olympiad Women 2014"]
[Site "Tromso NOR"]
[Date "2014.08.08"]
[Round "6.18"]
[Board "2"]
[White "Vasiliev, Olga"]
[Black "Thorsteinsdottir, Hallgerdur"]
[Result "1-0"]
[WhiteTitle "WIM"]
[WhiteElo "2276"]
[BlackElo "1982"]
[WhiteTeam "Israel"]
[BlackTeam "Iceland"]
[WhiteFideId "2807602"]
[BlackFideId "2302454"]
[EventDate "2014.08.02"]

1. e4 c6 2. d4 d5 3. e5 Bf5 4. Nf3 e6 5. Be2 c5 6. Be3 cxd4 7. Nxd4 Ne7 8. Nd2
Nbc6 9. N2f3 Bg6 10. O-O Nf5 11. Nxf5 Bxf5 12. Bb5 Bg4 13. c3 Qc7 14. h3 Bh5 15.
g4 Bg6 16. Nd4 Be7 17. Qa4 Kd7 18. c4 Rhc8 19. cxd5 exd5 20. Rac1 Qxe5 21. Nxc6 1-0

[Event "41st Olympiad Women 2014"]
[Site "Tromso NOR"]
[Date "2014.08.08"]
[Round "6.18"]
[Board "3"]
[White "Finnbogadottir, Tinna Kristin"]
[Black "Borsuk, Angela"]
[Result "0-1"]
[BlackTitle "IM"]
[WhiteElo "1915"]
[BlackElo "2198"]
[WhiteTeam "Iceland"]
[BlackTeam "Israel"]
[WhiteFideId "2300214"]
[BlackFideId "2806452"]
[EventDate "2014.08.02"]

1. e4 d6 2. d4 Nf6 3. Nc3 e5 4. Nf3 Nbd7 5. Bc4 Be7 6. O-O O-O 7. Re1 c6 8. a4
b6 9. Ba2 a6 10. dxe5 dxe5 11. Nh4 Nxe4 12. Nxe4 Bxh4 13. Nd6 Nc5 14. Be3 Be6
15. Bxc5 bxc5 16. Bxe6 fxe6 17. Ne4 Qxd1 18. Raxd1 Rad8 19. g3 Be7 20. b3 Rd4
21. c3 Rd5 22. Kf1 Rb8 23. Rb1 Rd7 24. Ke2 Kf7 25. Red1 Rdb7 26. Nd2 Kg6 27. Kd3
Bg5 28. Kc2 Bxd2 29. Rxd2 c4 30. b4 a5 31. Rd6 axb4 32. Rxe6+ Kf5 33. Rxc6 b3+
34. Kb2 Rd7 35. Rxc4 Rd2+ 36. Ka3 Ra2# 0-1

[Event "41st Olympiad Women 2014"]
[Site "Tromso NOR"]
[Date "2014.08.08"]
[Round "6.18"]
[Board "4"]
[White "David Glaz, Ilana"]
[Black "Kristinardottir, Elsa Maria"]
[Result "1/2-1/2"]
[WhiteTitle "WIM"]
[WhiteElo "2200"]
[BlackElo "1839"]
[WhiteTeam "Israel"]
[BlackTeam "Iceland"]
[WhiteFideId "2801370"]
[BlackFideId "2300370"]
[EventDate "2014.08.02"]

1. Nf3 Nf6 2. g3 g6 3. b3 Bg7 4. Bb2 d5 5. Bg2 O-O 6. O-O c5 7. d4 cxd4 8. Nxd4
Nc6 9. Nxc6 bxc6 10. Nd2 Ba6 11. Rb1 Rc8 12. Re1 c5 13. Nf3 e6 14. Ne5 Qc7 15.
e3 Rfd8 16. Qc1 c4 17. Bd4 Nd7 18. Nxd7 Bxd4 19. exd4 Rxd7 20. b4 Bb5 21. c3 Rd6
22. h4 h5 23. Qg5 Qd8 24. Qf4 Ra6 25. Re2 Qd6 26. Qh6 Qf8 27. Qe3 Qd6 28. Bf3
Kh7 29. Bg2 Ra3 30. Qc1 Ra6 31. Ra1 Qd8 32. a3 Qf6 33. Qe3 Kg7 34. Qd2 Kh7 35.
Re5 Kg7 36. f4 Qd8 37. Kh2 Rb8 38. Qe2 Rbb6 39. Qd1 Ba4 40. Qe2 Bb5 41. Bf3 f6
42. Re3 f5 43. Re5 Kf6 44. Qg2 Rd6 45. Re2 Qd7 46. Rea2 Kf7 47. Qe2 Ba4 48. Qe5
Qd8 49. Rb2 Bb5 50. Bd1 Ba4 51. Qe1 Qd7 52. Bf3 1/2-1/2